000 00543nam a2200169Ia 4500
003 GCL
008 140319s9999 xx 000 0 eng d
040 _aGCL /
_cGCL
082 0 4 _aCC
_b962.03
_bR C
100 1 _aREIMER, MICHAEL J.
245 1 0 _aCOLONIAL BRIDGEHEAD: GOVERNMENT AND SOCIETY IN ALEXANDRIA, 1807 - 1882 /
_cREIMER, MICHAEL J.
260 _a[S.N] :
_bTHE AMERICAN UNIVERSITY IN CAIRO PRESS ،
_c1997
300 _a251 P
650 0 4 _aALEXANDRIA (EGYPT) - HISTORY
650 0 4 _aEGYPT - HISTORY - 19TH CENTURY
942 _2ddc
_cBK
999 _c14912
_d14912